000 00808nam a2200241Ia 4500
003 OSt
005 20241127133217.0
008 210716s2010 xx 000 0 und d
020 _a9788174468420
040 _cAIMIT LIBRARY
041 _aeng
082 _a001.0726588
_21
_bRAIS
245 _aScope and challenges of rural marketing in India /
_cEdited by Sumesh Raizada and Vishal Agarwal.
250 _a1st ed
260 _aNew Delhi :
_bExcel Books ,
_c2010.
300 _axx,389p. ;
_bPB
_c25 cm
650 _aRural retail and distribution
_9186842
650 _aStrategies for the rural marketing
_9186843
650 _aEmerging trends and opportunities
_9186844
700 _aRaizada, Sumesh., ed.
_9186845
700 _aAgarwal, Vishal., ed.
_9186846
942 _2ddc
_cBK
_e1st
_k001.0726588 RAIS
999 _c192664
_d192664